Closest Countries to Palau Quiz Stats

 Plays Quiz Updated Feb 16, 2018

Challenge
Share
Tweet
Embed
Score 0/24 Timer 04:00
4 Plays Today
Distance Country % Correct
1,536 kmAustralia
94.4%
1,996 kmChina
92.8%
201 kmIndonesia
92.7%
1,380 kmJapan
92.2%
2,658 kmVietnam
88%
1,413 kmMalaysia
87.9%
831 kmPhilippines
86.6%
3,156 kmThailand
84.4%
2,963 kmLaos
84.3%
2,866 kmCambodia
83.6%
1,191 kmPapua New Guinea
82.8%
2,915 kmSouth Korea
81.7%
Distance Country % Correct
2,871 km Marshall Islands
81.3%
3,077 kmSingapore
80.4%
2,084 kmTaiwan
80.4%
397 kmMicronesia
80.3%
1,230 kmUnited States
79.5%
3,401 kmNorth Korea
77.8%
2,830 kmSolomon Islands
77%
3,690 kmNauru
74.7%
1,827 kmBrunei
74.6%
3,752 kmMyanmar
72.6%
1,341 kmTimor Leste
70.7%
3,824 kmRussia
69.1%

You're not logged in!

Compare scores with friends on all Sporcle quizzes.
OR
Log In

You Might Also Like...

Show Comments

Extras

Top Quizzes Today


Score Distribution

Your Account Isn't Verified!

In order to create a playlist on Sporcle, you need to verify the email address you used during registration. Go to your Sporcle Settings to finish the process.

Report this User

Report this user for behavior that violates our Community Guidelines.

Details: